[Event "BL 1213 SV Wattenscheid - SC Eppingen"]
[Site "?"]
[Date "2012.12.08"]
[Round "5.4"]
[White "Rustemov, Alexander"]
[Black "Postny, Evgeny"]
[Result "0-1"]
[WhiteElo "2544"]
[BlackElo "2647"]
[PlyCount "138"]
[EventDate "2012.??.??"]

1. d4 d5 2. c4 c6 3. Nc3 Nf6 4. e3 a6 5. Qc2 b5 6. b3 Bg4 7. Nge2 Nbd7 8. h3
Bh5 9. Nf4 Bg6 10. Nxg6 hxg6 11. Bb2 e6 12. c5 g5 13. O-O-O g6 14. Bd3 Bg7 15.
Ne2 Qe7 16. g4 e5 17. Ng3 O-O 18. Rde1 Rae8 19. Qd2 Nh7 20. f3 exd4 21. exd4
Qf6 22. Ref1 Re7 23. Ne2 Rfe8 24. f4 gxf4 25. Nxf4 Qh4 26. Kb1 Ng5 27. Qg2 Ne4
28. Rhg1 Qh8 29. Bxe4 Rxe4 30. Qf3 R8e7 31. Rd1 Nxc5 32. Qc3 Ne6 33. Nxe6 R7xe6
34. Rg3 Qh4 35. Rgd3 Re2 36. Bc1 Qe7 37. Qa5 c5 38. dxc5 Qxc5 39. R3d2 Rxd2 40.
Qxd2 d4 41. Bb2 Qd5 42. Qc2 Re3 43. h4 Qe4 44. Qxe4 Rxe4 45. Rg1 Re2 46. Rh1
Be5 47. Bc1 f6 48. a3 Kf7 49. b4 Rg2 50. g5 f5 51. Re1 Bg3 52. Rd1 Bxh4 53.
Rxd4 Bxg5 54. Bxg5 Rxg5 55. Rd7+ Ke6 56. Ra7 f4 57. Rxa6+ Kf5 58. Kc2 Rg2+ 59.
Kd3 Ra2 60. Kd4 Rd2+ 61. Kc5 g5 62. Kxb5 f3 63. Ra8 Rd6 64. Kc5 Rf6 65. Rd8 f2
66. Rd1 g4 67. b5 g3 68. b6 Rxb6 69. Kxb6 g2 0-1

[Event "BL 1213 SV Wattenscheid - SC Eppingen"]
[Site "?"]
[Date "2012.12.08"]
[Round "5.5"]
[White "Acs, Peter"]
[Black "Appel, Ralf"]
[Result "1/2-1/2"]
[WhiteElo "2586"]
[BlackElo "2525"]
[PlyCount "52"]
[EventDate "2012.??.??"]

1. e4 Nf6 2. e5 Nd5 3. d4 d6 4. Nf3 c6 5. Be2 Bg4 6. O-O Bxf3 7. Bxf3 dxe5 8.
dxe5 e6 9. Qe2 Nd7 10. Bd2 Qc7 11. Re1 a5 12. a4 Bb4 13. c3 Bc5 14. Na3 O-O 15.
Nc2 Rab8 16. b4 axb4 17. cxb4 Ba7 18. Bxd5 exd5 19. Be3 c5 20. Na3 Ra8 21. Nb5
Qxe5 22. Nxa7 d4 23. Nb5 dxe3 24. Qxe3 Qxe3 25. Rxe3 cxb4 26. Rb3 Nc5 1/2-1/2

[Event "BL 1213 SV Wattenscheid - SC Eppingen"]
[Site "?"]
[Date "2012.12.08"]
[Round "5.6"]
[White "Handke, Florian"]
[Black "Medvegy, Zoltan"]
[Result "0-1"]
[WhiteElo "2556"]
[BlackElo "2561"]
[PlyCount "88"]
[EventDate "2012.??.??"]

1. e4 c6 2. d4 d5 3. Nd2 dxe4 4. Nxe4 Bf5 5. Ng3 Bg6 6. h4 h6 7. Nf3 Nd7 8. h5
Bh7 9. Bd3 Bxd3 10. Qxd3 e6 11. Bd2 Ngf6 12. O-O-O Be7 13. Kb1 Qb6 14. Ne4 Rd8
15. Nxf6+ Nxf6 16. Be3 O-O 17. Ne5 Nd7 18. Qe2 Nxe5 19. dxe5 Bc5 20. Bxc5 Qxc5
21. g4 Rd5 22. Rxd5 cxd5 23. f4 Rc8 24. b3 Qd4 25. Rf1 a5 26. a4 Rc3 27. f5
exf5 28. e6 Re3 29. exf7+ Kxf7 30. Qb5 f4 31. Qxb7+ Kf6 32. Qa6+ Kg5 33. Qg6+
Kh4 34. g5 Qe4 35. Qxe4 Rxe4 36. gxh6 gxh6 37. Kb2 Kg3 38. Rg1+ Kf2 39. Rg6 f3
40. Rxh6 Ke2 41. Rf6 f2 42. h6 f1=Q 43. Rxf1 Kxf1 44. Kc3 Ke2 0-1

[Event "BL 1213 SV Wattenscheid - SC Eppingen"]
[Site "?"]
[Date "2012.12.08"]
[Round "5.7"]
[White "Braun, Arik"]
[Black "Hirneise, Tobias"]
[Result "1/2-1/2"]
[WhiteElo "2556"]
[BlackElo "2448"]
[PlyCount "79"]
[EventDate "2012.??.??"]

1. d4 Nf6 2. c4 e6 3. Nf3 b6 4. g3 Ba6 5. Qa4 Bb7 6. Bg2 c5 7. dxc5 Bxc5 8. O-O
O-O 9. Nc3 Be7 10. Rd1 Na6 11. Bf4 Nc5 12. Qc2 Qc8 13. Rd4 d5 14. cxd5 Nxd5 15.
Nxd5 Bxd5 16. Ng5 Bxg5 17. Bxg5 Bxg2 18. Kxg2 e5 19. Rc4 Qb7+ 20. Kg1 Ne6 21.
Be3 Rac8 22. Rc1 Rxc4 23. Qxc4 Rd8 24. f3 Rd7 25. Qb5 f6 26. Rc6 Rd1+ 27. Kf2
Qd7 28. Qc4 Kf7 29. b4 Qd5 30. Qc2 Rh1 31. Rc8 e4 32. Qa4 b5 33. Qxa7+ Kg6 34.
Qe7 Rxh2+ 35. Kg1 Qd1+ 36. Kxh2 Qxe2+ 37. Kh3 Qf1+ 38. Kh2 Qe2+ 39. Kh3 Qf1+
40. Kh2 1/2-1/2

[Event "BL 1213 SV Wattenscheid - SC Eppingen"]
[Site "?"]
[Date "2012.12.08"]
[Round "5.8"]
[White "Dinstuhl, Volkmar Dr"]
[Black "Guliyev, Namig"]
[Result "1/2-1/2"]
[WhiteElo "2409"]
[BlackElo "2546"]
[PlyCount "83"]
[EventDate "2012.??.??"]

1. d4 d5 2. c4 dxc4 3. e3 e5 4. Bxc4 exd4 5. exd4 Nf6 6. Nf3 Be7 7. O-O O-O 8.
h3 Nbd7 9. Nc3 Nb6 10. Bb3 Nfd5 11. Qd3 c6 12. Bd2 g6 13. Ne4 Bf5 14. g4 Bxe4
15. Qxe4 Re8 16. Rfe1 Bb4 17. Qxe8+ Qxe8 18. Rxe8+ Rxe8 19. Bxb4 Nxb4 20. Re1
Rxe1+ 21. Nxe1 Kg7 22. Kg2 a5 23. a3 a4 24. Bd1 N4d5 25. Nd3 g5 26. Kf3 h6 27.
Nc5 Nc4 28. Bxa4 Nxb2 29. Bb3 b6 30. Nd7 b5 31. Ne5 Nf4 32. Bxf7 Nbd3 33. Be8
Ne1+ 34. Ke4 Nc2 35. Bxc6 Nxa3 36. h4 b4 37. hxg5 hxg5 38. Ba4 Ne2 39. Kd3 Nf4+
40. Ke4 Nb1 41. Kf5 Nd2 42. Kxg5 1/2-1/2

[Event "BL 1213 SG Solingen - SV Hockenheim"]
[Site "?"]
[Date "2012.12.08"]
[Round "5.1"]
[White "Buhmann, Rainer"]
[Black "Ragger, Markus"]
[Result "1/2-1/2"]
[WhiteElo "2584"]
[BlackElo "2655"]
[PlyCount "44"]
[EventDate "2012.??.??"]

1. Nf3 d5 2. d4 c6 3. c4 Nf6 4. e3 Bf5 5. Nc3 e6 6. Nh4 Bg6 7. Be2 Nbd7 8. g3
Bd6 9. O-O O-O 10. Nxg6 hxg6 11. Qc2 dxc4 12. Bxc4 c5 13. dxc5 Bxc5 14. Rd1 Rc8
15. Qb3 Qc7 16. Bf1 Be7 17. Bd2 Nc5 18. Qc2 Nce4 19. Rac1 Nxd2 20. Rxd2 Qa5 21.
Qb3 Rc7 22. Rdc2 Rfc8 1/2-1/2

[Event "BL 1213 SG Solingen - SV Hockenheim"]
[Site "?"]
[Date "2012.12.08"]
[Round "5.2"]
[White "Stellwagen, Daniel"]
[Black "Baramidze, David"]
[Result "1/2-1/2"]
[WhiteElo "2622"]
[BlackElo "2615"]
[PlyCount "53"]
[EventDate "2012.??.??"]

1. d4 d5 2. c4 e6 3. Nf3 Nf6 4. g3 dxc4 5. Bg2 Nc6 6. Qa4 Bb4+ 7. Bd2 Nd5 8.
Bxb4 Ndxb4 9. O-O Rb8 10. Na3 O-O 11. Qb5 b6 12. Qxc4 Ba6 13. Nb5 Qd5 14. Qxd5
Nxd5 15. a4 Na5 16. Ne5 Rbd8 17. Nxa7 Nb4 18. Rac1 Rxd4 19. Rxc7 Bxe2 20. Re1
Rd2 21. Nc8 Rfd8 22. h4 f6 23. Ne7+ Kf8 24. N5c6 Naxc6 25. Nxc6 Nxc6 26. Rxc6
Rxb2 27. Rxe6 1/2-1/2

[Event "BL 1213 SG Solingen - SV Hockenheim"]
[Site "?"]
[Date "2012.12.08"]
[Round "5.3"]
[White "Saric, Ivan"]
[Black "Smeets, Jan"]
[Result "1/2-1/2"]
[WhiteElo "2625"]
[BlackElo "2613"]
[PlyCount "85"]
[EventDate "2012.??.??"]

1. e4 e5 2. Nf3 Nf6 3. Nxe5 d6 4. Nf3 Nxe4 5. Nc3 Nxc3 6. dxc3 Be7 7. Be3 Nc6
8. Qd2 Be6 9. O-O-O Qd7 10. Kb1 Bf6 11. Bg5 Bxg5 12. Nxg5 O-O-O 13. Nxe6 Qxe6
14. g3 Rhe8 15. Bg2 g6 16. Qf4 Re7 17. Qa4 d5 18. c4 dxc4 19. Bxc6 Qxc6 20.
Qxa7 Rxd1+ 21. Rxd1 b5 22. a3 h5 23. h4 Re2 24. Qd4 Kb7 25. Kc1 Qe6 26. Qd5+
Qxd5 27. Rxd5 Kc6 28. Rd2 Re1+ 29. Rd1 Re2 30. Rf1 Re6 31. Kd1 Rd6+ 32. Ke2 c3
33. bxc3 Kc5 34. Rb1 Rd8 35. Rb4 Ra8 36. Rf4 f5 37. c4 Rxa3 38. cxb5 Kxb5 39.
Rd4 Rc3 40. Kd2 Rf3 41. Ke1 Rc3 42. Kd2 Rf3 43. Ke2 1/2-1/2

[Event "BL 1213 SG Solingen - SV Hockenheim"]
[Site "?"]
[Date "2012.12.08"]
[Round "5.4"]
[White "L'Ami, Erwin"]
[Black "Miroshnichenko, Evgenij"]
[Result "1/2-1/2"]
[WhiteElo "2631"]
[BlackElo "2628"]
[PlyCount "103"]
[EventDate "2012.??.??"]

1. d4 f5 2. Nc3 Nf6 3. Bg5 d5 4. e3 e6 5. Nf3 c5 6. Be2 Nc6 7. O-O a6 8. Na4
cxd4 9. Nxd4 Bd7 10. c4 dxc4 11. Bh5+ g6 12. Nxc6 bxc6 13. Be2 Bg7 14. Bxc4 h6
15. Bxf6 Bxf6 16. Nc5 Qe7 17. Nxd7 Qxd7 18. Qb3 Kf7 19. Rad1 Qe7 20. e4 fxe4
21. Rfe1 Rab8 22. Qa4 Rhd8 23. Qxc6 Bxb2 24. Rxd8 Rxd8 25. Qxe4 Kg7 26. Bxa6 e5
27. Bd3 Qf7 28. Rb1 Rb8 29. Qe2 Qc7 30. a4 Rb4 31. g3 Qc5 32. Bc2 Bd4 33. Rxb4
Qxb4 34. Qe4 Qb6 35. a5 Qf6 36. Qe2 Ba7 37. Kg2 Qc6+ 38. Be4 Qc5 39. a6 Qd4 40.
h4 Bc5 41. Qc2 g5 42. h5 Kf6 43. Qe2 Ke7 44. g4 Kd6 45. Qd3 Qxd3 46. Bxd3 Kd5
47. Kf3 Kd4 48. Bf5 Ba7 49. Ke2 e4 50. f3 exf3+ 51. Kxf3 Ke5 52. Ke2 1/2-1/2

[Event "BL 1213 SG Solingen - SV Hockenheim"]
[Site "?"]
[Date "2012.12.08"]
[Round "5.6"]
[White "Jussupow, Artur"]
[Black "Gasthofer, Alexander"]
[Result "1/2-1/2"]
[WhiteElo "2608"]
[BlackElo "2441"]
[PlyCount "42"]
[EventDate "2012.??.??"]

1. d4 d5 2. Nf3 Nf6 3. e3 g6 4. c4 c6 5. Nc3 Bg7 6. Bd3 O-O 7. O-O a6 8. Qc2 e6
9. Rd1 Nbd7 10. e4 dxe4 11. Bxe4 Qc7 12. Bg5 e5 13. Bh4 exd4 14. Nxd4 Nc5 15.
Bf3 a5 16. h3 Qb6 17. Rd2 Nfd7 18. Re1 Ne5 19. Be2 Re8 20. Bf1 Bd7 21. Rdd1 Ne6
1/2-1/2

[Event "BL 1213 SG Solingen - SV Hockenheim"]
[Site "?"]
[Date "2012.12.08"]
[Round "5.7"]
[White "Rau, Hannes"]
[Black "Hoffmann, Michael"]
[Result "1/2-1/2"]
[WhiteElo "2438"]
[BlackElo "2474"]
[PlyCount "53"]
[EventDate "2012.??.??"]

1. d4 Nf6 2. c4 e6 3. Nf3 d5 4. e3 c5 5. Nc3 Nc6 6. a3 cxd4 7. exd4 Ne4 8. Be3
Nxc3 9. bxc3 Be7 10. Be2 O-O 11. O-O dxc4 12. Bxc4 b6 13. Bd3 Bb7 14. a4 Rc8
15. Qb1 g6 16. a5 Nxa5 17. Rxa5 Bxf3 18. Rxa7 Bd5 19. Rc1 Bg5 20. f4 Bf6 21.
Qb4 Bg7 22. Ra6 Rb8 23. Rb1 Qc8 24. Qa3 Bc4 25. Bxc4 Qxc4 26. Raxb6 Rxb6 27.
Rxb6 1/2-1/2

[Event "BL 1213 SG Solingen - SV Hockenheim"]
[Site "?"]
[Date "2012.12.08"]
[Round "5.8"]
[White "Andersen, Mads"]
[Black "Wagner, Dennis"]
[Result "0-1"]
[WhiteElo "2461"]
[BlackElo "2456"]
[PlyCount "92"]
[EventDate "2012.??.??"]

1. d4 Nf6 2. c4 g6 3. Nc3 d5 4. Bf4 Bg7 5. e3 O-O 6. Nf3 c5 7. dxc5 Ne4 8. Rc1
Nd7 9. cxd5 Ndxc5 10. Be5 Nxc3 11. bxc3 f6 12. Bg3 Bd7 13. Bc4 Rc8 14. O-O Ne4
15. Bb3 Kh8 16. c4 Qb6 17. Qd4 Nxg3 18. hxg3 Rc5 19. Ne1 f5 20. Qd2 Rc7 21. Nd3
Qf6 22. Rfd1 b6 23. a4 Rb8 24. Nb4 Rd8 25. Na6 Rcc8 26. Qb4 Be8 27. Rb1 Rd6 28.
Rdc1 Bf7 29. Ba2 g5 30. Qa3 f4 31. e4 Qg6 32. Re1 Qh5 33. g4 Qxg4 34. e5 Rh6
35. Qf3 Qh4 36. Qh3 Qxh3 37. gxh3 Rxh3 38. Rb3 f3 39. Rbe3 g4 40. Nb4 Bh6 41.
Nc6 Bxe3 42. Rxe3 Rg8 43. e6 Be8 44. Bb1 Bxc6 45. dxc6 Rg5 46. c7 Rgh5 0-1

[Event "BL 1213 SV Griesheim - Schachfr. Berlin"]
[Site "Griesheim"]
[Date "2012.12.08"]
[Round "5.1"]
[White "Kraemer, Martin"]
[Black "Piorun, Kacper"]
[Result "1/2-1/2"]
[WhiteElo "2520"]
[BlackElo "2520"]
[PlyCount "95"]
[EventDate "2012.??.??"]

1. e4 e6 2. d4 d5 3. Nc3 Nf6 4. Bg5 Bb4 5. e5 h6 6. Bd2 Bxc3 7. bxc3 Ne4 8. Qg4
g6 9. Bd3 Nxd2 10. Kxd2 c5 11. Nf3 Nc6 12. Qf4 c4 13. Be2 Bd7 14. Rhb1 b6 15.
h4 Qe7 16. Nh2 g5 17. Qf3 h5 18. hxg5 Qxg5+ 19. Qe3 Qg7 20. Nf3 O-O-O 21. Qg5
Qxg5+ 22. Nxg5 Rdf8 23. Rh1 f6 24. exf6 Rxf6 25. Raf1 Be8 26. f4 Kd7 27. Rh2
Ne7 28. g4 h4 29. Nf3 Ng6 30. Ke3 Kd6 31. Ne5 Rff8 32. Bd1 Rh7 33. g5 Nxe5 34.
fxe5+ Ke7 35. Rxf8 Kxf8 36. Bg4 Ke7 37. Rf2 Bh5 38. Bh3 Rg7 39. Rf6 Rxg5 40.
Rxe6+ Kf7 41. Rf6+ Ke7 42. Kf4 Rg3 43. Bf5 Rf3+ 44. Kg5 h3 45. Rh6 Rg3+ 46. Kf4
Rf3+ 47. Kg5 Rg3+ 48. Kf4 1/2-1/2

[Event "BL 1213 SV Griesheim - Schachfr. Berlin"]
[Site "Griesheim"]
[Date "2012.12.08"]
[Round "5.2"]
[White "Farago, Ivan"]
[Black "Antoniewski, Rafal"]
[Result "1/2-1/2"]
[WhiteElo "2488"]
[BlackElo "2552"]
[PlyCount "42"]
[EventDate "2012.??.??"]

1. d4 Nf6 2. c4 e6 3. Nf3 Bb4+ 4. Bd2 c5 5. Bxb4 cxb4 6. Qd3 O-O 7. e4 d6 8.
Nbd2 b6 9. Be2 Bb7 10. O-O Nbd7 11. Ne1 e5 12. Nc2 a5 13. Rae1 Re8 14. f3 Nh5
15. g3 Qg5 16. Qe3 Qg6 17. Rf2 Rad8 18. Bf1 exd4 19. Nxd4 Nc5 20. a3 bxa3 21.
bxa3 Nf6 1/2-1/2

[Event "BL 1213 SV Griesheim - Schachfr. Berlin"]
[Site "Griesheim"]
[Date "2012.12.08"]
[Round "5.3"]
[White "Maksimenko, Andrei"]
[Black "Murdzia, Piotr"]
[Result "1-0"]
[WhiteElo "2547"]
[BlackElo "2471"]
[PlyCount "45"]
[EventDate "2012.??.??"]

1. d4 d5 2. c4 c6 3. Nc3 Nf6 4. e3 a6 5. Nf3 Bf5 6. cxd5 cxd5 7. Ne5 Nbd7 8.
Be2 h6 9. Qb3 Ra7 10. Nxd7 Qxd7 11. Bd2 Qd6 12. Rc1 Bd7 13. Na4 b5 14. Nc5 e6
15. O-O Ne4 16. Nxe4 dxe4 17. Qc2 Qd5 18. f3 exf3 19. Bxf3 Qd6 20. Bh5 g6 21.
Bxg6 Bc6 22. Qxc6+ Qxc6 23. Rxc6 1-0

[Event "BL 1213 SV Griesheim - Schachfr. Berlin"]
[Site "Griesheim"]
[Date "2012.12.08"]
[Round "5.4"]
[White "Izsak, Gyula"]
[Black "Schneider, Ilja"]
[Result "0-1"]
[WhiteElo "2471"]
[BlackElo "2489"]
[PlyCount "92"]
[EventDate "2012.??.??"]

1. d4 d5 2. Nf3 Nf6 3. c4 c6 4. e3 Bf5 5. Bd3 Bg6 6. Ne5 Bxd3 7. Qxd3 Nbd7 8.
Nxd7 Qxd7 9. O-O e6 10. b3 Bd6 11. Ba3 O-O 12. Bxd6 Qxd6 13. Nd2 c5 14. dxc5
Qxc5 15. cxd5 Qxd5 16. Qxd5 Nxd5 17. Rfc1 Rac8 18. Ne4 Rfd8 19. Nd6 Rb8 20. Ne4
Kf8 21. Kf1 Rbc8 22. a3 Ke7 23. Ke1 f5 24. Nc5 b6 25. Na6 f4 26. exf4 Nxf4 27.
Nb4 Kf6 28. Rxc8 Rxc8 29. g3 Nd5 30. Nxd5+ exd5 31. Kd2 d4 32. Kd3 Rc3+ 33.
Kxd4 Rxb3 34. Ke4 Rb2 35. Kf3 b5 36. a4 b4 37. Rc1 Ra2 38. Rc6+ Ke5 39. Ra6 b3
40. Rxa7 b2 41. Rb7 Kd4 42. Rd7+ Kc3 43. Rc7+ Kd2 44. Rd7+ Kc1 45. Rc7+ Kb1 46.
Rxg7 Ra3+ 0-1

[Event "BL 1213 SV Griesheim - Schachfr. Berlin"]
[Site "Griesheim"]
[Date "2012.12.08"]
[Round "5.5"]
[White "Polzin, Rainer"]
[Black "Horvath, Peter"]
[Result "1-0"]
[WhiteElo "2465"]
[BlackElo "2434"]
[PlyCount "121"]
[EventDate "2012.??.??"]

1. e4 c5 2. Nf3 Nc6 3. d4 cxd4 4. Nxd4 Nf6 5. Nc3 e5 6. Ndb5 d6 7. Bg5 a6 8.
Na3 b5 9. Nd5 Be7 10. Bxf6 Bxf6 11. c4 b4 12. Nc2 O-O 13. g3 Bg5 14. Bg2 Qa5
15. O-O Qc5 16. Qd3 a5 17. b3 Ne7 18. Nxe7+ Bxe7 19. Ne3 Ra6 20. Kh1 Be6 21.
Rad1 Bd8 22. f4 f6 23. Nf5 Bc7 24. Qf3 Kh8 25. h4 Re8 26. Ne3 Bb6 27. Nd5 Bxd5
28. Rxd5 Qc6 29. fxe5 Rxe5 30. h5 h6 31. Rfd1 Rxd5 32. exd5 Qe8 33. Qf5 a4 34.
Be4 Qg8 35. Re1 axb3 36. axb3 Bd4 37. Qg6 Be5 38. Bf5 Ra2 39. Rd1 Ra5 40. Kg2
Ra2+ 41. Kh3 Ra5 42. Re1 Ra8 43. Re2 Ra5 44. Rxe5 fxe5 45. Qxd6 Qe8 46. Qg6
Qxg6 47. Bxg6 Kg8 48. Kg4 Kf8 49. Kf5 Ke7 50. Kxe5 Rc5 51. Kd4 Kd6 52. Be8 Ra5
53. Bb5 Ra1 54. c5+ Ke7 55. Bd3 Rc1 56. g4 Kd7 57. Be4 Kc7 58. d6+ Kd7 59. Kd5
Rd1+ 60. Ke5 Re1 61. c6+ 1-0

[Event "BL 1213 SV Griesheim - Schachfr. Berlin"]
[Site "Griesheim"]
[Date "2012.12.08"]
[Round "5.7"]
[White "Agopov, Mikael"]
[Black "Walter, Stefan"]
[Result "1-0"]
[WhiteElo "2427"]
[BlackElo "2358"]
[PlyCount "125"]
[EventDate "2012.??.??"]

1. e4 e5 2. Nf3 Nc6 3. Bb5 a6 4. Ba4 Nf6 5. O-O Be7 6. Re1 b5 7. Bb3 d6 8. c3
O-O 9. h3 Na5 10. Bc2 c5 11. d4 Nd7 12. Nbd2 exd4 13. cxd4 Nc6 14. d5 Nce5 15.
Nh2 Ng6 16. Ndf1 Bg5 17. Ne3 Re8 18. g3 Bxe3 19. Bxe3 Nb6 20. h4 Nf8 21. f4 f5
22. b4 fxe4 23. bxc5 dxc5 24. Bxc5 Nfd7 25. Bd4 Nf6 26. Bxf6 Qxf6 27. Bxe4 Bf5
28. Bg2 Nc4 29. Nf1 Kh8 30. Kh1 h6 31. Qb3 Rad8 32. Rad1 Nb2 33. Rxe8+ Rxe8 34.
Rd2 Nc4 35. Rd1 Nb2 36. Rd2 Nc4 37. Rd1 Re2 38. Qf3 Rxa2 39. Re1 Nd6 40. Re5 a5
41. Ne3 Bd7 42. Ng4 Qg6 43. Ne3 a4 44. f5 Qf7 45. Re6 Qf8 46. Rg6 Be8 47. Re6
Bf7 48. Qf4 Bxe6 49. dxe6 a3 50. f6 Rxg2 51. e7 Qa8 52. Nxg2 a2 53. f7 a1=Q+
54. Kh2 Nxf7 55. Qxf7 Qb1 56. e8=Q+ Qxe8 57. Qxe8+ Kh7 58. Qe1 Qb2 59. Qe4+ Kh8
60. Kh3 b4 61. Nf4 b3 62. Ng6+ Kh7 63. Ne7+ 1-0

[Event "BL 1213 SV Griesheim - Schachfr. Berlin"]
[Site "Griesheim"]
[Date "2012.12.08"]
[Round "5.8"]
[White "Hahn, Werner"]
[Black "Strzemiecki, Zbigniew"]
[Result "0-1"]
[WhiteElo "2171"]
[BlackElo "2434"]
[PlyCount "72"]
[EventDate "2012.??.??"]

1. d4 e6 2. c4 f5 3. Nf3 Nf6 4. g3 b6 5. Bg2 Bb7 6. O-O Be7 7. b3 O-O 8. Bb2 a5
9. Nc3 Ne4 10. Nxe4 Bxe4 11. Ne1 Bxg2 12. Nxg2 Bf6 13. Qc2 Qe7 14. e4 fxe4 15.
Qxe4 Nc6 16. Nf4 Qf7 17. Rad1 Rfe8 18. Qb1 g5 19. Ng2 Qg7 20. Qe4 Rad8 21. Ne3
d5 22. cxd5 exd5 23. Qg2 Qd7 24. g4 Re4 25. Nf5 Rde8 26. h3 Re2 27. Rb1 Nb4 28.
Qf3 Bg7 29. a3 Nc6 30. Rfd1 R2e4 31. Rd2 Ne7 32. Nxe7+ R8xe7 33. Rc1 h5 34.
gxh5 g4 35. Qg3 Bh6 36. Rcc2 Bf4 0-1

[Event "BL 1213 Wiesbadener SV - SC Forchheim"]
[Site "Griesheim"]
[Date "2012.12.08"]
[Round "5.1"]
[White "Prusikin, Michael"]
[Black "Khenkin, Igor"]
[Result "1-0"]
[WhiteElo "2545"]
[BlackElo "2655"]
[PlyCount "69"]
[EventDate "2012.??.??"]

1. d4 Nf6 2. c4 e6 3. Nf3 d5 4. Nc3 Bb4 5. Qa4+ Nc6 6. e3 O-O 7. Qc2 Re8 8. Bd2
Bf8 9. a3 h6 10. h3 e5 11. dxe5 Nxe5 12. cxd5 Nxd5 13. O-O-O Nxf3 14. gxf3 Nb6
15. Rg1 Qh4 16. Ne4 Bf5 17. Bc3 Bxe4 18. fxe4 Rad8 19. Bd3 Re6 20. Rg4 Qxh3 21.
Rdg1 Rg6 22. Rxg6 fxg6 23. Qb3+ Kh8 24. Qf7 g5 25. Bc2 Qd7 26. Qh5 Qe6 27. Rxg5
Kg8 28. Rg6 Qc4 29. Kb1 Na4 30. Bd4 Nc5 31. Rxh6 Qf1+ 32. Bd1 Qd3+ 33. Ka1
Qxd1+ 34. Qxd1 gxh6 35. Qg4+ 1-0

[Event "BL 1213 Wiesbadener SV - SC Forchheim"]
[Site "Griesheim"]
[Date "2012.12.08"]
[Round "5.3"]
[White "Mons, Leon"]
[Black "Palac, Mladen"]
[Result "0-1"]
[WhiteElo "2339"]
[BlackElo "2600"]
[PlyCount "58"]
[EventDate "2012.??.??"]

1. e4 c5 2. Nf3 Nc6 3. d4 cxd4 4. Nxd4 Nf6 5. Nc3 d6 6. Bg5 e6 7. Qd2 a6 8.
O-O-O h6 9. Nxc6 bxc6 10. Bf4 d5 11. Qe3 Bb4 12. Be2 O-O 13. e5 Nh7 14. a3 Be7
15. h4 c5 16. Bxh6 gxh6 17. Qxh6 Qc7 18. f4 c4 19. Rxd5 exd5 20. Nxd5 Qc5 21.
Bf3 Ra7 22. Be4 f5 23. exf6 Bd8 24. Re1 Nxf6 25. Qg5+ Kh8 26. Nxf6 Qxg5 27.
hxg5 Bxf6 28. Rh1+ Kg8 29. gxf6 Rxf6 0-1

[Event "BL 1213 Wiesbadener SV - SC Forchheim"]
[Site "Griesheim"]
[Date "2012.12.08"]
[Round "5.5"]
[White "Zwanzger, Johannes"]
[Black "Tazbir, Marcin"]
[Result "0-1"]
[WhiteElo "2326"]
[BlackElo "2555"]
[PlyCount "114"]
[EventDate "2012.??.??"]

1. e4 c5 2. Nf3 d6 3. d4 cxd4 4. Nxd4 Nf6 5. Nc3 a6 6. Be3 e5 7. Nb3 Be6 8. Qd2
Nbd7 9. f3 b5 10. O-O-O h5 11. Nd5 Bxd5 12. exd5 Nb6 13. Bxb6 Qxb6 14. Kb1 Rc8
15. Bd3 g6 16. f4 Bh6 17. g3 O-O 18. Qg2 Ng4 19. f5 Ne3 20. Qh3 Nxd1 21. Rxd1
e4 22. Bxe4 Rce8 23. Bd3 Qf2 24. a3 Qf3 25. Rf1 Qxd5 26. fxg6 fxg6 27. Bxg6
Rxf1+ 28. Qxf1 Re7 29. Qf6 Re1+ 30. Ka2 a5 31. Qd8+ Kg7 32. Bd3 a4 33. Qd7+ Kf8
34. Bxb5 axb3+ 35. cxb3 Qe6 36. Qd8+ Kg7 37. Bc4 Qe8 38. Qxd6 Bg5 39. a4 Qe7
40. Qd5 Bf6 41. b4 Qe5 42. Qd7+ Kh6 43. Qd2+ Qe3 44. Qxe3+ Rxe3 45. a5 Bd8 46.
b3 Re1 47. Kb2 Rh1 48. Kc3 Rxh2 49. Kd4 Rg2 50. Kc5 Rxg3 51. Kc6 h4 52. a6 Rg6+
53. Kb7 Rg7+ 54. Kc6 Bg5 55. b5 Be3 56. Bd5 h3 57. b4 h2 0-1

[Event "BL 1213 Wiesbadener SV - SC Forchheim"]
[Site "Griesheim"]
[Date "2012.12.08"]
[Round "5.6"]
[White "Bulski, Krzysztof"]
[Black "Heidrich, Manfred"]
[Result "1/2-1/2"]
[WhiteElo "2547"]
[BlackElo "2296"]
[PlyCount "129"]
[EventDate "2012.??.??"]

1. e4 c5 2. Nf3 Nc6 3. Nc3 e5 4. Bc4 Be7 5. d3 d6 6. O-O Nf6 7. Ng5 O-O 8. f4
Bg4 9. Qd2 exf4 10. Qxf4 Qd7 11. h3 Be6 12. Qg3 Nd4 13. Rf2 b5 14. Bd5 Bxd5 15.
Nxd5 Nxd5 16. exd5 Rae8 17. Kh2 f6 18. Nf3 Nxf3+ 19. Rxf3 f5 20. Bf4 Bf6 21. c3
Be5 22. Re1 Bxf4 23. Rxf4 Re5 24. c4 Rfe8 25. Rxe5 Rxe5 26. d4 cxd4 27. Rxd4
bxc4 28. Rxc4 Qb7 29. Rc6 Rxd5 30. Qc3 Rc5 31. Rxc5 dxc5 32. Qxc5 Qxb2 33. Qd5+
Kf8 34. Qa8+ Ke7 35. Qxa7+ Kf6 36. Qa6+ Ke7 37. Qc4 Qe5+ 38. Kg1 Qe1+ 39. Qf1
Qe3+ 40. Qf2 Qc1+ 41. Kh2 Qa3 42. Qh4+ Ke6 43. Qc4+ Kf6 44. Qd4+ Kf7 45. Qc4+
Kf6 46. Kg1 g5 47. Qd4+ Ke6 48. Qc4+ Kf6 49. Kf1 f4 50. Qd4+ Kf5 51. Qd5+ Kf6
52. Ke2 h5 53. Qd8+ Ke6 54. Qg8+ Kf6 55. Qh8+ Kg6 56. Qe8+ Kf6 57. Qc6+ Ke5 58.
Qb5+ Kf6 59. Qc6+ Ke5 60. Qc7+ Kf6 61. Qd8+ Ke6 62. Qxg5 Qe3+ 63. Kd1 Qd3+ 64.
Kc1 Qc3+ 65. Kb1 1/2-1/2

[Event "BL 1213 Wiesbadener SV - SC Forchheim"]
[Site "Griesheim"]
[Date "2012.12.08"]
[Round "5.7"]
[White "Kraeussling, Andreas"]
[Black "Poetsch, Hagen"]
[Result "0-1"]
[WhiteElo "2268"]
[BlackElo "2466"]
[PlyCount "74"]
[EventDate "2012.??.??"]

1. d4 Nf6 2. Nf3 c5 3. d5 b5 4. a4 b4 5. c4 g6 6. Nbd2 Bg7 7. e4 d6 8. Bd3 O-O
9. O-O Nbd7 10. Re1 e6 11. dxe6 fxe6 12. e5 Nxe5 13. Nxe5 dxe5 14. Ne4 Qc7 15.
Nxf6+ Rxf6 16. Be4 Rb8 17. b3 Bb7 18. Qc2 Rf7 19. Be3 Bxe4 20. Qxe4 Rd7 21.
Rad1 Rbd8 22. Qg4 Qc6 23. Rxd7 Rxd7 24. h4 Rd3 25. h5 Kf7 26. hxg6+ hxg6 27.
Qh4 Rxb3 28. Rd1 Qc8 29. Bh6 Bf6 30. Bg5 Bxg5 31. Qh7+ Kf6 32. Rd7 Rb1+ 33. Kh2
Qf8 34. Kg3 e4 35. f4 exf3 36. gxf3 Ke5 37. Rf7 Bf4+ 0-1

[Event "BL 1213 SV Mülheim Nord - SG Turm Trier"]
[Site "?"]
[Date "2012.12.09"]
[Round "6.2"]
[White "Navara, David"]
[Black "Parligras, Mircea"]
[Result "1-0"]
[WhiteElo "2722"]
[BlackElo "2633"]
[PlyCount "45"]
[EventDate "2012.??.??"]

1. d4 Nf6 2. c4 e6 3. Nf3 d5 4. Nc3 Bb4 5. cxd5 exd5 6. Bg5 h6 7. Bh4 c5 8. e3
c4 9. Be2 g5 10. Bg3 Ne4 11. Rc1 Qa5 12. O-O Bxc3 13. bxc3 Nc6 14. Ne5 Nxe5 15.
Bxe5 O-O 16. Bh5 f6 17. f3 Nxc3 18. Qc2 Ne2+ 19. Kf2 fxe5 20. Qg6+ Kh8 21.
Qxh6+ Kg8 22. Qxg5+ Kh7 23. Qe7+ 1-0

[Event "BL 1213 SV Mülheim Nord - SG Turm Trier"]
[Site "?"]
[Date "2012.12.09"]
[Round "6.3"]
[White "Lupulescu, Constantin"]
[Black "Grachev, Boris"]
[Result "1/2-1/2"]
[WhiteElo "2613"]
[BlackElo "2672"]
[PlyCount "109"]
[EventDate "2012.??.??"]

1. c4 e6 2. Nc3 d5 3. d4 Nf6 4. cxd5 exd5 5. Bg5 c6 6. Qc2 Na6 7. e3 Nb4 8. Qb1
g6 9. Qd1 Bf5 10. Rc1 Be7 11. a3 Na6 12. Bxa6 bxa6 13. Nge2 O-O 14. O-O Rc8 15.
Na4 Ne4 16. Bxe7 Qxe7 17. Nc5 a5 18. Qa4 Rb8 19. b3 Nxc5 20. Rxc5 Bd3 21. Re1
Bb5 22. Qxa5 Bxe2 23. Rxe2 Rxb3 24. h3 Qb7 25. Rec2 Rc8 26. Qa4 Rb6 27. Rc1 Kg7
28. Qc2 Rb2 29. Qa4 Rb6 30. g3 h5 31. h4 Rc7 32. Kg2 Rc8 33. Ra5 Rc7 34. Rac5
Rc8 35. R1c3 Rc7 36. Qc2 Rb2 37. Qa4 Rb6 38. Qc2 Rb2 39. Qd3 Rb6 40. Qe2 Rb2
41. Qf3 Rb5 42. Rxb5 Qxb5 43. Qd1 Re7 44. Qc2 Re6 45. Rb3 Qa4 46. Qd3 Rf6 47.
Rc3 Qa5 48. Qc2 Qa6 49. a4 Kh7 50. Rc5 Kg7 51. a5 Kg8 52. Qd1 Kg7 53. Qc2 Kg8
54. Qd1 Kg7 55. Qc2 1/2-1/2